<?xml version="1.0" encoding="UTF-8"?><?xml-stylesheet type="text/xsl" href="static/style.xsl"?><OAI-PMH xmlns="http://www.openarchives.org/OAI/2.0/" xmlns:xsi="http://www.w3.org/2001/XMLSchema-instance" xsi:schemaLocation="http://www.openarchives.org/OAI/2.0/ http://www.openarchives.org/OAI/2.0/OAI-PMH.xsd"><responseDate>2026-04-27T02:31:35Z</responseDate><request verb="GetRecord" identifier="oai:uvadoc.uva.es:10324/68231" metadataPrefix="marc">https://uvadoc.uva.es/oai/request</request><GetRecord><record><header><identifier>oai:uvadoc.uva.es:10324/68231</identifier><datestamp>2025-12-20T21:02:19Z</datestamp><setSpec>com_10324_38</setSpec><setSpec>col_10324_852</setSpec></header><metadata><record xmlns="http://www.loc.gov/MARC21/slim" xmlns:doc="http://www.lyncode.com/xoai" xmlns:xsi="http://www.w3.org/2001/XMLSchema-instance" xmlns:dcterms="http://purl.org/dc/terms/" xsi:schemaLocation="http://www.loc.gov/MARC21/slim http://www.loc.gov/standards/marcxml/schema/MARC21slim.xsd">
<leader>00925njm 22002777a 4500</leader>
<datafield tag="042" ind1=" " ind2=" ">
<subfield code="a">dc</subfield>
</datafield>
<datafield tag="720" ind1=" " ind2=" ">
<subfield code="a">García de Prada, Esther</subfield>
<subfield code="e">author</subfield>
</datafield>
<datafield tag="260" ind1=" " ind2=" ">
<subfield code="c">2024</subfield>
</datafield>
<datafield tag="520" ind1=" " ind2=" ">
<subfield code="a">La depresión postparto (DPP) tiene una prevalencia mayor del 10%, tiene una causa multifactorial teniendo factores protectores y de riesgo. La lactancia materna (LM) tiene múltiples beneficios para el recién nacido y para la madre que podría contribuir a la no aparición o mejoría de los síntomas de la DPP. El objetivo de este trabajo es analizar la influencia de la LM en la DPP&#xd;
Se ha realizado una revisión sistemática realizando una búsqueda bibliográfica en las bases de datos: PubMed, Dialnet, Cochrane y Web of Sciencie. Se analizaron artículos en inglés y español publicados los últimos 5 años.&#xd;
Se encontraron 328 artículos, de los cuales se incluyeron 17 en la revisión final, tras descartar por criterios de exclusión, lectura crítica y duplicados. Se incluye 1 metaanálisis, 2 revisión sistemática, 3 ensayos clínicos, 8 estudios longitudinales y 3 transversales.&#xd;
La mayoría de los estudios muestra una reducción en los síntomas de DPP cuando la LM se instaura sin problemas, y en las situaciones en las que la madre es autosuficiente para resolver los problemas derivados de ésta, como son: cambios en la frecuencia de las tomas, dolor en el pecho, pezón invertido, etc.&#xd;
Una medida eficaz para evitar problemas potenciales en el recién nacido derivados de la falta de afectividad recibida por parte de la madre con DPP sería invertir en programas de educación para los profesionales de salud y fomentar la participación en sesiones grupales con apoyo individual a la madre tras el parto.</subfield>
</datafield>
<datafield tag="024" ind2=" " ind1="8">
<subfield code="a">https://uvadoc.uva.es/handle/10324/68231</subfield>
</datafield>
<datafield ind1=" " ind2=" " tag="653">
<subfield code="a">Lactancia materna</subfield>
</datafield>
<datafield ind1=" " ind2=" " tag="653">
<subfield code="a">Depresión mental</subfield>
</datafield>
<datafield tag="245" ind1="0" ind2="0">
<subfield code="a">Lactancia materna y su influencia en la salud mental en el puerperio: Revisión sistemática</subfield>
</datafield>
</record></metadata></record></GetRecord></OAI-PMH>